000 00626nam a22001937a 4500
005 20250324112207.0
010 _aENG-144128
020 _a9789391032654
_c595.00
035 _aEN-127660
037 _bDBAD
082 _a954
_21
100 _a Bharadwaj Gazal
_979837
245 _aThe Making of Modern India ;
_cGazal Bharadwaj
_bAmidst the making of Modern World /
250 _a1
260 _aGurugram
_bOak Bridge Publishing Pvt.Ltd.
_c2022
270 _aM35,1st Floor ,Old DLF,
_bHaryana
_k91 1244305970
_e122001
_mwww.oakbridge.in
300 _a440p
_c24 cm(pb)
942 _2ddc
_cEN
_h954
_mBHA
_e1
999 _c210438
_d210438